Twilight Quiz - Statistics

General Stats
  • This quiz has been taken 169 times
  • The average score is 9 of 10
Answer Stats
Question Answer % Correct
What is Bella's last name? Swan
100%
What is Bella's Dad's name? Charlie
99%
What is Edward's last name? Cullen
98%
What is Jabob's last name? Black
97%
What is Edward and Bella's daughter's name? Renesmee
96%
Who played Bella in the Twilight movies? Kristen Stewart
91%
Who plays Edward in the Twilight movies? Robert Pattinson
91%
Who played Jacob in the Twilight movies? Taylor Lautner
84%
What is the name of the Italian vampire coven? Volturi
84%
Who played Renesmee in the Twilight movies? Mackenzie Foy
53%
No matching quizzes found
Score Distribution
Percent of People with Each Score
Percentile by Number Answered
Your Score History
You have not taken this quiz